000 00469nam a2200181Ia 4500
001 11299
005 20260306162818.0
008 260306t2022||||xx |||||||||||||| ||spa||
041 _aESP
082 _a985.03
_bE88P
100 _aEspinoza Soriano, Waldemar
_eAUT
245 0 _aPueblos y cabildos de naturales en el virreinato del Perú
260 _c2022
300 _axxv, 616 páginas :
_c28 cm.
650 _aGEN
654 _aCHU
942 _cLIB
_dJUS
_fJUS
_2ddc
_n
999 _c11299
_d11299